Online
Catalog

Hacia una comprensión de las relaciones humanas : (Record no. 7360)

MARC details
000 -CABECERA
campo de control de longitud fija 01335nam a2200265 a 4500
001 - NÚMERO DE CONTROL
campo de control 000007580
005 - FECHA Y HORA DE LA ÚLTIMA TRANSACCIÓN
campo de control 20260202091015.0
008 - DATOS DE LONGITUD FIJA--INFORMACIÓN GENERAL
campo de control de longitud fija 090909s1989 dr 000 0 spa d
040 ## - FUENTE DE LA CATALOGACIÓN
Centro catalogador/agencia de origen DO-SdBNP
082 ## - NÚMERO DE LA CLASIFICACIÓN DECIMAL DEWEY
Número de clasificación 658.3145
Número de documento/Ítem O96h, 1989
100 1# - ENTRADA PRINCIPAL--NOMBRE DE PERSONA
Nombre de persona Ovalle, Lucía,
Fechas asociadas al nombre 1975-
9 (RLIN) 21033
245 10 - MENCIÓN DE TÍTULO
Título Hacia una comprensión de las relaciones humanas :
Resto del título su aplicación en el trabajo /
Mención de responsabilidad, etc. Lucía Ovalle.
260 ## - PUBLICACIÓN, DISTRIBUCIÓN, ETC.
Lugar de publicación, distribución, etc. Santo Domingo :
Nombre del editor, distribuidor, etc. Taller,
Fecha de publicación, distribución, etc. 1989.
300 ## - DESCRIPCIÓN FÍSICA
Extensión 150 p. :
Otras características físicas il. ;
Dimensiones 20 cm.
504 ## - NOTA DE BIBLIOGRAFÍA, ETC.
Nota de bibliografía, etc. Bibliografía : p. 149-150
505 2# - NOTA DE CONTENIDO CON FORMATO
Nota de contenido con formato Dedicatoria -- Reconocimientos -- Introducción -- Relaciones humanas -- La personalidad y el conocimiento del yo -- La motivación y la conducta -- La comunicación -- La retroalimentación -- Conflicto y frustración -- La autoridad -- Trabajo en equipo -- El cambio -- Principales problemas de las relaciones humanas -- Principios generales para lograr adecuadas relaciones -- Actitudes que favorecen las relaciones humanas .
590 ## - NOTA LOCAL (RLIN)
Nota local Inventariado, 2018/ YL
650 #0 - PUNTO DE ACCESO ADICIONAL DE MATERIA--TÉRMINO DE MATERIA
Término de materia o nombre geográfico como elemento de entrada Relaciones humanas
9 (RLIN) 606
650 #4 - PUNTO DE ACCESO ADICIONAL DE MATERIA--TÉRMINO DE MATERIA
Término de materia o nombre geográfico como elemento de entrada Comunicación interpersonal
9 (RLIN) 21034
650 #4 - PUNTO DE ACCESO ADICIONAL DE MATERIA--TÉRMINO DE MATERIA
Término de materia o nombre geográfico como elemento de entrada Conducta competitiva del personal
9 (RLIN) 21035
650 #4 - PUNTO DE ACCESO ADICIONAL DE MATERIA--TÉRMINO DE MATERIA
Término de materia o nombre geográfico como elemento de entrada Motivación del empleado
9 (RLIN) 21036
650 #4 - PUNTO DE ACCESO ADICIONAL DE MATERIA--TÉRMINO DE MATERIA
Término de materia o nombre geográfico como elemento de entrada Trabajo en equipo
9 (RLIN) 21037
650 #4 - PUNTO DE ACCESO ADICIONAL DE MATERIA--TÉRMINO DE MATERIA
Término de materia o nombre geográfico como elemento de entrada Conflictos interpersonales
9 (RLIN) 21038
910 ## - DATOS DE OPCIÓN DEL USUARIO (OCLC)
Datos de opción del usuario Validado. Control de calidad MMOLINA
Holdings
Estado de retiro Estado de pérdida No para préstamo Código de colección Localización permanente Ubicación/localización actual Ubicación en estantería Fecha de adquisición Número de inventario Total de préstamos Signatura topográfica completa Código de barras Fecha visto por última vez Precio válido a partir de Tipo de ítem Koha
    Excluido de préstamo Patrimonio Dominicano Patrimonio Dominicano Patrimonio Dominicano Depósito 09.09.2009 LF1   658.3145 O96h, 1989 7580-10 25.06.2020 25.06.2020 Libro y Folleto Colección Patrimonio Dominicano

Powered by Koha